Le corbusier et son atelier de sevres 35 ceuvre complete Vol -2 - 1929-34 (Record no. 7347)

000 -LEADER
fixed length control field 00308nam a2200109Ia 4500
008 - FIXED-LENGTH DATA ELEMENTS--GENERAL INFORMATION
fixed length control field 200302s9999 xx 000 0 und d
100 ## - MAIN ENTRY--PERSONAL NAME
Personal name W.Boesiger ed.
245 ## - TITLE STATEMENT
Title Le corbusier et son atelier de sevres 35 ceuvre complete Vol -2 - 1929-34
260 ## - PUBLICATION, DISTRIBUTION, ETC.
Name of publisher, distributor, etc. Birkhauser Verlag Gmbh
260 ## - PUBLICATION, DISTRIBUTION, ETC.
Date of publication, distribution, etc. 1995
300 ## - PHYSICAL DESCRIPTION
Extent 173
Holdings
Withdrawn status Lost status Damaged status Not for loan Permanent Location Current Location Date acquired Cost, normal purchase price Full call number Barcode Date last seen Price effective from Koha item type
        BMS College of Architecture, Design and Planning BMS College of Architecture, Design and Planning 2020-03-03 6950.00 720.92 AR-UG1249 2020-03-03 2020-03-03 UG Books
Copyright © 2025, The Librarian, Library and Information Centre, BMSCA D&P, Bengaluru. All Rights Reserved
web counter

Powered by Koha